| 000 | 00535nam a22001697a 4500 | ||
|---|---|---|---|
| 005 | 20260108152659.0 | ||
| 008 | 260108b |||||||| |||| 00| 0 eng d | ||
| 020 | _a978-178583237-6 | ||
| 100 | _aGROVES, MALCOLM | ||
| 245 |
_aLEADERSHIP FOR TOMORROW _bBEYOND THE SCHOOL IMPROVEMENT |
||
| 260 |
_aWALES _bCROWN HOUSE PUBLISHING _c2017 |
||
| 300 | _aV, 182P. | ||
| 500 | _aINCLUDES BIBLIOGRAPHICAL REFERENCES | ||
| 650 | _a1. SCHOOL MANAGENT AND ORGANIZATION 2. EDUCATIONAL LEADERSHIP | ||
| 700 | _aHOBBS, ANDREW | ||
| 942 |
_2lcc _cBK |
||
| 999 |
_c216432 _d216432 |
||